000 00732nam a2200265Ia 4500
003 OSt
005 20221005081141.0
006 a|||||r|||| 00| 0
007 ta
008 221004b |||||||| |||| 00| 0 eng d
024 _a66309
037 _cTextual
040 _aCRL
_cCRL
_beng
041 _2eng
_aeng
082 _aV73,1:2, M9-;1
100 _aPolsby Nelson W.
245 0 _aCongress and the presidency
250 _a4th
260 _aNew Delhi
_bPrentice Hall of India India
_c1989
300 _a287p.
_ccm.
490 _aPrentice-Hall foundations of modern political science series, 4.
650 _aHISTORY
942 _hV73,1:2, M9-;1
_cTEXL
_2cc
999 _c987276
_d987276